University Home | Library Home | Institutional Repository

Country Life picture book of Britain. (Record no. 158434)

MARC details
000 -LEADER
fixed length control field 00662cam8a220019300 4500
001 - CONTROL NUMBER
control field roe00011014
003 - CONTROL NUMBER IDENTIFIER
control field UPRA
008 - FIXED-LENGTH DATA ELEMENTS--GENERAL INFORMATION
fixed length control field 931218m19371952enk 00 0 eng u
035 ## - SYSTEM CONTROL NUMBER
System control number (Sirsi) r103018
035 ## - SYSTEM CONTROL NUMBER
System control number (UPRA)roe00011014
040 ## - CATALOGING SOURCE
Transcribing agency UPRA
050 #0 - LIBRARY OF CONGRESS CALL NUMBER
Classification number DA 630 Cou 1951
245 00 - TITLE STATEMENT
Title Country Life picture book of Britain.
260 ## - PUBLICATION, DISTRIBUTION, ETC.
Place of publication, distribution, etc. London :
Name of publisher, distributor, etc. Country Life,
Date of publication, distribution, etc. 1937-1952.
949 ## - LOCAL PROCESSING INFORMATION (OCLC)
a DA 630 Cou 1951
v VOL. 3
w lcc
i 33729000066311
m MAIN
p 2500
t BOOK
l ON-SHELF
949 ## - LOCAL PROCESSING INFORMATION (OCLC)
a DA 630 Cou 1951
v VOL. 1
w lcc
i 33729000066378
m MAIN
p 2500
t BOOK
l ON-SHELF
949 ## - LOCAL PROCESSING INFORMATION (OCLC)
a DA 630 Cou 1951
v VOL. 2
w lcc
i 33729000061635
m MAIN
p 2500
t BOOK
l ON-SHELF

No items available.

© 2026 - The University of Zambia Library - Koha v25.11